| 000 | 00736cam a22002413a 4500 | ||
|---|---|---|---|
| 001 | 29827 | ||
| 003 | PGUSA | ||
| 005 | 20140828083638.0 | ||
| 008 | 090828s2009||||xxu|||||s|||||000 1 eng d | ||
| 040 |
_aPGUSA _beng |
||
| 042 | _adc | ||
| 050 | 4 | _aPS | |
| 100 | 1 | _aPercival, Kate | |
| 245 | 1 | 4 |
_aThe Life and Amours of the Beautiful, Gay and Dashing Kate Percival : _bThe Belle of the Delaware _h[electronic resource] / _cKate Percival |
| 260 |
_bProject Gutenberg, _c2009 |
||
| 506 | _aPublic domain in the USA. | ||
| 516 | _aElectronic text | ||
| 653 | _aProstitutes -- Fiction | ||
| 653 | _aErotic literature, American | ||
| 830 | 0 |
_aProject Gutenberg _v29827 |
|
| 856 | 4 | 0 | _uhttp://www.gutenberg.org/ebooks/29827 |
| 942 | _cEB | ||
| 999 |
_c259082 _d259082 |
||